2023-24 Premier League Players by Nationality #1 - Statistics

General Stats
  • This quiz has been taken 591 times
  • The average score is 14 of 15
Answer Stats
Hint Answer % Correct
Julián Álvarez, Enzo Fernández, Alexis Mac Allister Argentina
99%
Kevin De Bruyne, Thomas Kaminski, Youri Tielemans Belgium
99%
Alisson, Ederson, Joelinton Brazil
99%
Virgil van Dijk, Justin Kluivert, Micky van de Ven Netherlands
99%
Bruno Fernandes, Pedro Neto, Bernardo Silva Portugal
99%
Pascal Groß, Kai Havertz, Bernd Leno Germany
98%
Wataru Endo, Kaoru Mitoma, Takehiro Tomiyasu Japan
97%
Rodrigo Bentancur, Darwin Núñez, Facundo Pellistri Uruguay
97%
Luis Díaz, Jhon Durán, Jefferson Lerma Colombia
95%
Alexander Isak, Dejan Kulusevski, Victor Lindelöf Sweden
95%
Tyler Adams, Tim Ream, Matt Turner United States
94%
Nayef Aguerd, Sofyan Amrabat, Anass Zaroury Morocco
87%
Ola Aina, Taiwo Awoniyi, Alex Iwobi Nigeria
87%
Matty Cash, Jakub Kiwior, Jakub Moder Poland
87%
Idrissa Gueye, Nicolas Jackson, Cheikhou Kouyaté Senegal
87%
No matching quizzes found
Score Distribution
Percent of People with Each Score
Percentile by Number Answered
Your Score History
You have not taken this quiz